Pay Attention (Record no. 84700)

MARC details
000 -LEADER
fixed length control field 00694cab a22001815a 4500
001 - CONTROL NUMBER
control field L158793
008 - FIXED-LENGTH DATA ELEMENTS--GENERAL INFORMATION
fixed length control field 150723e2015 xxk 000 0 eng d
035 ## - SYSTEM CONTROL NUMBER
System control number (Sirsi) u158793
041 0# - LANGUAGE CODE
Language code of text/sound track or separate title eng
100 1# - MAIN ENTRY--PERSONAL NAME
Personal name Rushton, Trevor
245 00 - TITLE STATEMENT
Title Pay Attention
Medium [electronic resource]
490 ## - SERIES STATEMENT
Series statement RICS Building Surveying Journal
Volume/sequential designation July 2015- August 2015, 4-5(2)
520 ## - SUMMARY, ETC.
Summary, etc. Defects in modern buildings are due to a failure to apply a few essential principles, argues Trevor Rushton.
650 24 - SUBJECT ADDED ENTRY--TOPICAL TERM
Topical term or geographic name entry element Building materials and defects
651 #4 - SUBJECT ADDED ENTRY--GEOGRAPHIC NAME
Geographic name United Kingdom
Chronological subdivision
856 40 - ELECTRONIC LOCATION AND ACCESS
Uniform Resource Identifier <a href="https://www.rics.org/Global/Building_Surveying_Journal_July_August_2015.pdf">https://www.rics.org/Global/Building_Surveying_Journal_July_August_2015.pdf</a>
Public note View the article at www.rics.org
942 ## - ADDED ENTRY ELEMENTS (KOHA)
Suppress in OPAC 0
Holdings
Withdrawn status Lost status Source of classification or shelving scheme Damaged status Not for loan Home library Current library Shelving location Date acquired Total Checkouts Full call number Barcode Date last seen Copy number Price effective from Koha item type
    Dewey Decimal Classification     London London Journals 23/07/2015   L158793 158793-1001 06/08/2019 1 06/08/2019 Journal article